000 00393pab a2200157 454500
008 180718b2007 xxu||||| |||| 00| 0 eng d
100 _aCornwall, Andrea
245 _aMyths to live by? Female solidarity and female autonomy reconsidered
260 _c2007
300 _ap.149-68.
362 _aJan
650 _aWomen
773 _aDevelopment and Change
908 _aN
909 _a74494
999 _c74494
_d74494